[Event "España ch Sub-16 2008"]
[Site "Padron ESP"]
[Date "2008.07.23"]
[Round "6.38"]
[White "Etxagibel Larranaga, Asier"]
[Black "Rivas Crespo, Alexander"]
[Result "1/2-1/2"]
[WhiteElo "1887"]
[BlackElo "1961"]
[PlyCount "47"]
[EventDate "2008.07.20"]
[EventType "swiss"]
[EventRounds "9"]
[EventCountry "ESP"]
[Source "lmi"]
[SourceDate "2008.07.20"]

1. d4 Nf6 2. Nf3 g6 3. c4 Bg7 4. Nc3 O-O 5. e4 d6 6. Be2 e5 7. dxe5 dxe5 8.
Qxd8 Rxd8 9. Bg5 Re8 10. Nd5 Nxd5 11. cxd5 f5 12. Rc1 c6 13. Bc4 Kh8 14. O-O a5
15. dxc6 Nxc6 16. Bb5 Be6 17. exf5 gxf5 18. Bxc6 bxc6 19. Rxc6 Bxa2 20. Bf6 Bd5
21. Bxg7+ Kxg7 22. Rc7+ Kf6 23. Rxh7 Bxf3 24. gxf3 1/2-1/2

[Event "España ch Sub-16 2008"]
[Site "Padron ESP"]
[Date "2008.07.23"]
[Round "6.39"]
[White "Aranaz Murillo, Amalia"]
[Black "Silva Rodriguez, Julio"]
[Result "1-0"]
[WhiteElo "1959"]
[BlackElo "1837"]
[PlyCount "71"]
[EventDate "2008.07.20"]
[EventType "swiss"]
[EventRounds "9"]
[EventCountry "ESP"]
[Source "lmi"]
[SourceDate "2008.07.20"]

1. Nf3 Nf6 2. c4 g6 3. Nc3 Bg7 4. e4 d6 5. d4 O-O 6. Be2 Bg4 7. d5 c5 8. Be3
Nfd7 9. Ng5 Bxe2 10. Qxe2 Na6 11. O-O Nc7 12. Rad1 a6 13. f4 Rb8 14. e5 h6 15.
Nge4 dxe5 16. f5 b6 17. Rf3 Kh7 18. Qd2 Nf6 19. Nxf6+ exf6 20. Rh3 g5 21. Ne4
Kg8 22. Rh5 Ne8 23. d6 Qd7 24. g4 Qc6 25. Qd5 Qxd5 26. Rxd5 Rd8 27. Rh3 Rd7 28.
Bf2 Kh7 29. Ra3 Nxd6 30. Nxd6 Rfd8 31. Rad3 Bf8 32. Ne4 Rxd5 33. Rxd5 Rxd5 34.
Nxf6+ Kg7 35. Nxd5 b5 36. Nc7 1-0

[Event "España ch Sub-16 2008"]
[Site "Padron ESP"]
[Date "2008.07.23"]
[Round "6.40"]
[White "Martinez Vecillas, Javier"]
[Black "Lopez Garrido, Daniel"]
[Result "1/2-1/2"]
[WhiteElo "1851"]
[BlackElo "1953"]
[PlyCount "73"]
[EventDate "2008.07.20"]
[EventType "swiss"]
[EventRounds "9"]
[EventCountry "ESP"]
[Source "lmi"]
[SourceDate "2008.07.20"]

1. e4 Nf6 2. e5 Nd5 3. Nc3 Nxc3 4. dxc3 d6 5. exd6 exd6 6. Bd3 Be7 7. Be3 Be6
8. Qd2 Nd7 9. f4 g6 10. Nf3 c5 11. h3 h5 12. Ng5 Bxg5 13. fxg5 a6 14. Rd1 d5
15. Be2 Qc7 16. Bf3 Nb6 17. Bf4 Qd7 18. b3 O-O-O 19. Be5 Rhg8 20. O-O f5 21.
Qe3 Qc6 22. Rfe1 Rge8 23. Qf4 Bf7 24. Re2 Nd7 25. Rde1 Nxe5 26. Rxe5 Rxe5 27.
Rxe5 Re8 28. c4 Rxe5 29. Qxe5 Qe6 30. Qxe6+ Bxe6 31. Bxd5 Bxd5 32. cxd5 Kd7 33.
Kf2 Kd6 34. c4 f4 35. Kf3 Ke5 36. a4 a5 37. h4 1/2-1/2

[Event "España ch Sub-16 2008"]
[Site "Padron ESP"]
[Date "2008.07.23"]
[Round "6.41"]
[White "Gallego Martin, Miguel"]
[Black "Alshameary Puente, Ismael"]
[Result "1/2-1/2"]
[WhiteElo "1848"]
[BlackElo "1951"]
[PlyCount "58"]
[EventDate "2008.07.20"]
[EventType "swiss"]
[EventRounds "9"]
[EventCountry "ESP"]
[Source "lmi"]
[SourceDate "2008.07.20"]

1. d4 d5 2. c4 c6 3. Nf3 Nf6 4. Nc3 a6 5. a4 e6 6. e3 Nbd7 7. Bd3 dxc4 8. Bxc4
c5 9. O-O Qc7 10. Qe2 Bd6 11. Rd1 O-O 12. h3 cxd4 13. exd4 Re8 14. a5 e5 15.
dxe5 Nxe5 16. Nxe5 Bxe5 17. Be3 Bf5 18. Nd5 Nxd5 19. Bxd5 Bf4 20. Bxf4 Qxf4 21.
Qf3 Qxf3 22. Bxf3 Be4 23. Bxe4 Rxe4 24. Rd6 Rb4 25. Rb6 Rxb6 26. axb6 Kf8 27.
Rc1 Re8 28. Rc7 Re7 29. Rc8+ Re8 1/2-1/2

[Event "España ch Sub-16 2008"]
[Site "Padron ESP"]
[Date "2008.07.23"]
[Round "6.42"]
[White "Gutierrez Valero, Mario"]
[Black "Alonso Caamano, Ruben"]
[Result "1-0"]
[WhiteElo "1945"]
[BlackElo "1832"]
[PlyCount "79"]
[EventDate "2008.07.20"]
[EventType "swiss"]
[EventRounds "9"]
[EventCountry "ESP"]
[Source "lmi"]
[SourceDate "2008.07.20"]

1. d4 Nf6 2. c4 g6 3. Nc3 d5 4. cxd5 Nxd5 5. e4 Nxc3 6. bxc3 Bg7 7. Bc4 O-O 8.
Ne2 c5 9. O-O Nc6 10. Be3 Bg4 11. f3 Na5 12. Bxf7+ Rxf7 13. fxg4 Rxf1+ 14. Qxf1
Qd7 15. h3 Nc4 16. Qc1 Qc6 17. e5 Qa6 18. Ng3 Rc8 19. Bh6 Bh8 20. Qf4 Bg7 21.
Rf1 Qe6 22. Ne4 g5 23. Bxg5 cxd4 24. cxd4 h6 25. Bh4 Rf8 26. Qc1 Rc8 27. Qb1
Qd5 28. Bf2 b5 29. Rc1 a6 30. Ng3 Rf8 31. Nf5 Qf7 32. Bh4 Re8 33. g5 h5 34. g6
Qd5 35. Rd1 e6 36. Nxg7 Ne3 37. Rd2 Kxg7 38. Bf6+ Kg8 39. Qd3 Nf5 40. g4 1-0

[Event "España ch Sub-16 2008"]
[Site "Padron ESP"]
[Date "2008.07.23"]
[Round "6.43"]
[White "Villar Perez, Samuel"]
[Black "Coll Ortega, Cristina"]
[Result "1-0"]
[WhiteElo "1937"]
[BlackElo "1775"]
[PlyCount "67"]
[EventDate "2008.07.20"]
[EventType "swiss"]
[EventRounds "9"]
[EventCountry "ESP"]
[Source "lmi"]
[SourceDate "2008.07.20"]

1. d4 f5 2. Nc3 d5 3. Bf4 c6 4. Nf3 Nf6 5. e3 g6 6. Be2 Bg7 7. h4 Nbd7 8. h5 b5
9. Ng5 Nb6 10. hxg6 hxg6 11. Rxh8+ Bxh8 12. Nf3 Nbd7 13. Qd3 Qb6 14. Nh4 Kf7
15. g4 e6 16. gxf5 gxf5 17. Nf3 Ba6 18. b4 Rg8 19. O-O-O Bc8 20. Rh1 a5 21. a3
axb4 22. axb4 Bb7 23. Ne5+ Nxe5 24. Bxe5 Qa7 25. Nb1 Bg7 26. Qd1 Ne4 27. Bd3
Nf6 28. Rg1 Ng4 29. Bf4 Rh8 30. Qf3 Bh6 31. Bxh6 Nxh6 32. Qh5+ Ke7 33. Rg7+ Kf8
34. Qg6 1-0

[Event "España ch Sub-16 2008"]
[Site "Padron ESP"]
[Date "2008.07.23"]
[Round "6.44"]
[White "Navarro Molina, David"]
[Black "Palomo Teruel, Xavier"]
[Result "1/2-1/2"]
[WhiteElo "1723"]
[BlackElo "1931"]
[PlyCount "69"]
[EventDate "2008.07.20"]
[EventType "swiss"]
[EventRounds "9"]
[EventCountry "ESP"]
[Source "lmi"]
[SourceDate "2008.07.20"]

1. d4 d5 2. Nf3 c6 3. c4 e6 4. Nc3 dxc4 5. a4 Bb4 6. e3 b5 7. Bd2 a5 8. axb5
Bxc3 9. Bxc3 cxb5 10. b3 Bb7 11. bxc4 b4 12. Bd2 Nf6 13. Bd3 Nbd7 14. O-O O-O
15. Qc2 Qc7 16. Nh4 e5 17. Nf5 Rfb8 18. Rfb1 e4 19. Be2 Nb6 20. Rc1 Qd7 21. Ng3
Rc8 22. Qb1 Re8 23. Ra2 Qc7 24. c5 Nbd5 25. Nf5 Ba6 26. Bxa6 Rxa6 27. Qc2 Rb8
28. Rb1 Qd7 29. Nd6 a4 30. Qc4 Rc6 31. Nb5 Ra6 32. Nd6 Rc6 33. Nb5 Ra6 34. Nd6
Rc6 35. Nb5 1/2-1/2

[Event "España ch Sub-16 2008"]
[Site "Padron ESP"]
[Date "2008.07.23"]
[Round "6.46"]
[White "Lopez Garralon, Miguel"]
[Black "Ladron De Guevara Pinto, Paolo"]
[Result "0-1"]
[WhiteElo "1693"]
[BlackElo "1915"]
[PlyCount "46"]
[EventDate "2008.07.20"]
[EventType "swiss"]
[EventRounds "9"]
[EventCountry "ESP"]
[Source "lmi"]
[SourceDate "2008.07.20"]

1. e4 e6 2. d3 c5 3. g3 Nf6 4. Bg2 d5 5. Nd2 Nc6 6. Nh3 Be7 7. O-O O-O 8. f4
Rb8 9. Nf2 b5 10. e5 Ne8 11. Nf3 Qc7 12. c3 b4 13. d4 bxc3 14. bxc3 Na5 15. Bd2
Nc4 16. Rb1 Ba6 17. Re1 Rxb1 18. Qxb1 Qa5 19. Qc2 Nc7 20. Bc1 Nb5 21. Nd1 cxd4
22. cxd4 Nxd4 23. Qc3 Nxf3+ 0-1

[Event "España ch Sub-16 2008"]
[Site "Padron ESP"]
[Date "2008.07.23"]
[Round "6.47"]
[White "Bascunada Gonzalez, Sergio"]
[Black "Bautista Mendez, Jose Antonio"]
[Result "1-0"]
[WhiteElo "1645"]
[BlackElo "1908"]
[PlyCount "65"]
[EventDate "2008.07.20"]
[EventType "swiss"]
[EventRounds "9"]
[EventCountry "ESP"]
[Source "lmi"]
[SourceDate "2008.07.20"]

1. e4 e6 2. d3 d5 3. Nd2 Nf6 4. Ngf3 c5 5. g3 Nc6 6. Bg2 Be7 7. O-O O-O 8. e5
Nd7 9. Re1 Qc7 10. Qe2 b5 11. Nf1 a5 12. h4 Ba6 13. N1h2 b4 14. Ng4 c4 15. h5
h6 16. Qd2 cxd3 17. cxd3 b3 18. a3 Rfc8 19. d4 Nb4 20. axb4 Bxb4 21. Qe3 Bxe1
22. Nxe1 Bc4 23. Qf3 Nb6 24. Nxh6+ gxh6 25. Bxh6 Kh7 26. Qf6 Rg8 27. Nf3 Qd8
28. Qxf7+ Kxh6 29. Qxe6+ Kh7 30. Bh3 Ra6 31. Bf5+ Kg7 32. h6+ Kh8 33. Qf7 1-0

[Event "España ch Sub-16 2008"]
[Site "Padron ESP"]
[Date "2008.07.23"]
[Round "6.48"]
[White "Pedreira Giralda, Francisco"]
[Black "Castellanos Mendoza, David"]
[Result "0-1"]
[WhiteElo "1608"]
[BlackElo "2073"]
[PlyCount "84"]
[EventDate "2008.07.20"]
[EventType "swiss"]
[EventRounds "9"]
[EventCountry "ESP"]
[Source "lmi"]
[SourceDate "2008.07.20"]

1. Nf3 c5 2. g3 d5 3. Bg2 Nc6 4. O-O e5 5. d3 f6 6. c4 d4 7. Na3 Bg4 8. Nc2 Qd7
9. Re1 Bh3 10. Bh1 Nge7 11. a3 a5 12. Bd2 Ng6 13. Rb1 a4 14. b4 axb3 15. Rxb3
Be7 16. Qb1 Ra7 17. Qb2 O-O 18. Rb1 Rb8 19. a4 Bd8 20. Nfe1 h5 21. Bg2 Bxg2 22.
Nxg2 b6 23. Rc1 Rba8 24. Qa2 h4 25. f3 hxg3 26. hxg3 Bc7 27. Kf2 Qh3 28. f4
exf4 29. gxf4 Nce7 30. Qa1 Nf5 31. Rg1 Qg3+ 32. Kf1 Re8 33. Qc1 Qh3 34. Kf2 Bb8
35. e4 dxe3+ 36. Ncxe3 Qg3+ 37. Kf1 Qf3+ 38. Ke1 Nxf4 39. Nxf4 Nxe3 40. Bxe3
Rxe3+ 41. Kd2 Bxf4 42. Qf1 Rxd3+ 0-1

[Event "España ch Sub-16 2008"]
[Site "Padron ESP"]
[Date "2008.07.23"]
[Round "6.49"]
[White "Lopez Grana, Carmen"]
[Black "Pozueta Alegria, Adrian"]
[Result "0-1"]
[WhiteElo "1764"]
[BlackElo "2016"]
[PlyCount "48"]
[EventDate "2008.07.20"]
[EventType "swiss"]
[EventRounds "9"]
[EventCountry "ESP"]
[Source "lmi"]
[SourceDate "2008.07.20"]

1. e4 c5 2. Nc3 Nc6 3. Nge2 Nf6 4. d4 cxd4 5. Nxd4 e5 6. Ndb5 d6 7. Bg5 a6 8.
Na3 b5 9. Nd5 Be7 10. Nxe7 Nxe7 11. f3 Be6 12. Qd2 d5 13. exd5 Nfxd5 14. c4
bxc4 15. Nxc4 f6 16. Be3 O-O 17. Be2 Nxe3 18. Qxe3 Nf5 19. Qe4 Nd4 20. Rd1 Re8
21. Rd2 Rc8 22. b3 Bf5 23. Rxd4 exd4 24. Qxf5 d3 0-1

[Event "España ch Sub-16 2008"]
[Site "Padron ESP"]
[Date "2008.07.23"]
[Round "6.50"]
[White "Arregui Untoria, Carlos"]
[Black "Ontanon Gomez, Jesus"]
[Result "1-0"]
[WhiteElo "2012"]
[BlackElo "1761"]
[PlyCount "55"]
[EventDate "2008.07.20"]
[EventType "swiss"]
[EventRounds "9"]
[EventCountry "ESP"]
[Source "lmi"]
[SourceDate "2008.07.20"]

1. e4 c5 2. Nf3 d6 3. d4 cxd4 4. Nxd4 Nf6 5. Nc3 g6 6. f3 Bg7 7. Be3 O-O 8. Qd2
Nc6 9. O-O-O Nxd4 10. Bxd4 Be6 11. Kb1 Qc7 12. g4 Rfc8 13. h4 Qa5 14. h5 Rab8
15. hxg6 hxg6 16. Be3 b5 17. Bh6 Bh8 18. Bd3 b4 19. Bf8 Rxf8 20. Rxh8+ Kxh8 21.
Qh6+ Kg8 22. Rh1 Nh5 23. Nd5 Bxd5 24. exd5 b3 25. axb3 Rxb3 26. cxb3 Qxd5 27.
Bc4 Qxf3 28. Qxg6+ 1-0

[Event "España ch Sub-16 2008"]
[Site "Padron ESP"]
[Date "2008.07.23"]
[Round "6.51"]
[White "Olabe Odriozola, Eduardo"]
[Black "Gomez Dominguez, Xavier"]
[Result "0-1"]
[WhiteElo "1728"]
[BlackElo "1977"]
[PlyCount "54"]
[EventDate "2008.07.20"]
[EventType "swiss"]
[EventRounds "9"]
[EventCountry "ESP"]
[Source "lmi"]
[SourceDate "2008.07.20"]

1. e4 c5 2. Nc3 Nc6 3. f4 g6 4. Bc4 Bg7 5. Nf3 e6 6. f5 Nge7 7. fxe6 dxe6 8. d3
Nd4 9. O-O O-O 10. Bf4 Nec6 11. a4 Nxf3+ 12. gxf3 Nd4 13. Kh1 Qh4 14. Qd2 Qh5
15. Rf2 e5 16. Bg3 Nxf3 17. Qe3 Nd4 18. Nd5 Bg4 19. Raf1 Be2 20. Rxf7 Bxf1 21.
Nf4 Qf3+ 22. Qxf3 Nxf3 23. Rxf8+ Kxf8 24. Ne6+ Ke7 25. Nxg7 Bh3 26. d4 Kf6 27.
Be2 Nxd4 0-1

[Event "España ch Sub-16 2008"]
[Site "Padron ESP"]
[Date "2008.07.23"]
[Round "6.52"]
[White "Remoli Sargues, Lidia"]
[Black "Reginaldo Vilalta, Albert"]
[Result "1-0"]
[WhiteElo "1924"]
[BlackElo "1738"]
[PlyCount "39"]
[EventDate "2008.07.20"]
[EventType "swiss"]
[EventRounds "9"]
[EventCountry "ESP"]
[Source "lmi"]
[SourceDate "2008.07.20"]

1. d4 e6 2. Nf3 d5 3. c4 c6 4. e3 Bd6 5. Nc3 f5 6. Be2 Nf6 7. O-O Nbd7 8. c5
Bc7 9. b4 Ne4 10. Nxe4 fxe4 11. Nd2 O-O 12. f4 exf3 13. Nxf3 e5 14. dxe5 Nxe5
15. Qd4 Nxf3+ 16. Bxf3 Qf6 17. Bxd5+ cxd5 18. Rxf6 Rxf6 19. Bb2 Rg6 20. Qxd5+
1-0

[Event "España ch Sub-16 2008"]
[Site "Padron ESP"]
[Date "2008.07.23"]
[Round "6.53"]
[White "Garcia Reino, Edardo Javier"]
[Black "Fuertes Romo, Jose Manuel"]
[Result "1/2-1/2"]
[WhiteElo "1915"]
[BlackElo "1723"]
[PlyCount "106"]
[EventDate "2008.07.20"]
[EventType "swiss"]
[EventRounds "9"]
[EventCountry "ESP"]
[Source "lmi"]
[SourceDate "2008.07.20"]

1. e4 e5 2. Nf3 Nc6 3. Nc3 Nf6 4. d4 exd4 5. Nxd4 Bb4 6. Nxc6 bxc6 7. Bd3 d5 8.
exd5 cxd5 9. O-O O-O 10. Bg5 c6 11. Qf3 Be7 12. Rfe1 Re8 13. Qg3 Be6 14. Ne2
Nh5 15. Bxe7 Qxe7 16. Qe5 Qh4 17. Ng3 Nf4 18. Bf5 Bd7 19. Qc3 Bxf5 20. Qxg7+
Kxg7 21. Nxf5+ Kf6 22. Nxh4 Re6 23. Rxe6+ fxe6 24. g3 Ne2+ 25. Kf1 Nd4 26. c3
Nb5 27. Nf3 e5 28. Re1 Re8 29. Nd4 Rc8 30. Nxb5 cxb5 31. Ke2 b4 32. Rc1 e4 33.
Kd2 bxc3+ 34. Rxc3 Rb8 35. b3 Ke5 36. Rc5 Kd4 37. Rc7 Rf8 38. Ke2 Rf3 39. h4
Rc3 40. Rxh7 Rc2+ 41. Kf1 e3 42. fxe3+ Kxe3 43. h5 d4 44. Re7+ Kf3 45. Ke1 d3
46. h6 Rxa2 47. h7 Rh2 48. Rxa7 Kxg3 49. Rd7 Kf4 50. Rxd3 Rxh7 51. Kd2 Rc7 52.
b4 Ke4 53. b5 Rb7 1/2-1/2

[Event "España ch Sub-16 2008"]
[Site "Padron ESP"]
[Date "2008.07.23"]
[Round "6.54"]
[White "Castillo Escario, Yolanda"]
[Black "Castillo Sanjuan, Alejandro"]
[Result "0-1"]
[WhiteElo "1679"]
[BlackElo "1915"]
[PlyCount "82"]
[EventDate "2008.07.20"]
[EventType "swiss"]
[EventRounds "9"]
[EventCountry "ESP"]
[Source "lmi"]
[SourceDate "2008.07.20"]

1. e4 c5 2. Nc3 d6 3. Nge2 Nf6 4. g3 g6 5. Bg2 Bg7 6. d4 cxd4 7. Nxd4 O-O 8.
O-O a6 9. a4 Nc6 10. Nb3 Bg4 11. f3 Bd7 12. Be3 Ne5 13. Nd2 Rc8 14. h3 Nc4 15.
Nxc4 Rxc4 16. g4 b5 17. axb5 axb5 18. Ne2 Qc7 19. c3 b4 20. Ra7 Qc8 21. e5 Ne8
22. f4 Bc6 23. Bxc6 Qxc6 24. Bd4 dxe5 25. fxe5 bxc3 26. bxc3 Nc7 27. Ra2 Qb5
28. Qd3 Bxe5 29. Bxe5 Rxg4+ 30. hxg4 Qxd3 31. Bxc7 Qc4 32. Rd2 Qxc7 33. Rfd1 h5
34. gxh5 Qc5+ 35. Kg2 Qxh5 36. Nd4 e5 37. Nc2 Qg5+ 38. Kf2 Qf4+ 39. Kg2 e4 40.
Rd4 Rc8 41. c4 Rxc4 0-1

[Event "España ch Sub-16 2008"]
[Site "Padron ESP"]
[Date "2008.07.23"]
[Round "6.55"]
[White "Diez Viera, Oscar"]
[Black "Fernandez Arroyo, Cesar"]
[Result "0-1"]
[WhiteElo "1882"]
[BlackElo "1685"]
[PlyCount "126"]
[EventDate "2008.07.20"]
[EventType "swiss"]
[EventRounds "9"]
[EventCountry "ESP"]
[Source "lmi"]
[SourceDate "2008.07.20"]

1. e4 e6 2. d4 d5 3. e5 c5 4. c3 Bd7 5. Nf3 Qb6 6. Be2 Nc6 7. a3 a5 8. b3 Rc8
9. O-O Na7 10. c4 cxd4 11. Nxd4 Nc6 12. Nxc6 Bxc6 13. Kh1 Bc5 14. f4 Ne7 15.
Nd2 Nf5 16. Nf3 O-O 17. Rb1 Ne3 18. Bxe3 Bxe3 19. Ne1 Rfd8 20. Qc2 dxc4 21.
bxc4 Qc5 22. Nd3 Qd4 23. Rbd1 Be4 24. Qb3 Qxc4 25. Qxc4 Rxc4 26. Nb2 Rcd4 27.
Nc4 Rxd1 28. Rxd1 Rxd1+ 29. Bxd1 Bxf4 30. Nxa5 Bxe5 31. Kg1 Kf8 32. Nc4 Bd4+
33. Kf1 Bd3+ 34. Be2 Bxe2+ 35. Kxe2 Ke7 36. Kd3 Bc5 37. a4 b6 38. Ke4 f6 39. h3
Kd7 40. g4 Kc6 41. Kf4 b5 42. axb5+ Kxb5 43. Nd2 Kc6 44. Ke4 g6 45. Nf3 Kd6 46.
Nd2 f5+ 47. gxf5 exf5+ 48. Kf3 g5 49. Kg3 h5 50. Nf3 Be3 51. Ne1 Ke5 52. Kf3
Bd2 53. Nd3+ Kf6 54. Nc5 g4+ 55. hxg4 hxg4+ 56. Kg3 Bb4 57. Nd3 Bd6+ 58. Kg2
Kg5 59. Kf2 f4 60. Ne1 Kf5 61. Kg2 Ke4 62. Kf2 f3 63. Kg1 g3 0-1

[Event "España ch Sub-16 2008"]
[Site "Padron ESP"]
[Date "2008.07.23"]
[Round "6.56"]
[White "Aguirre Alvarez, Marina"]
[Black "Pareja Alvarez, Diego"]
[Result "1-0"]
[WhiteElo "1636"]
[BlackElo "1876"]
[PlyCount "93"]
[EventDate "2008.07.20"]
[EventType "swiss"]
[EventRounds "9"]
[EventCountry "ESP"]
[Source "lmi"]
[SourceDate "2008.07.20"]

1. e4 c6 2. d4 d5 3. Nc3 dxe4 4. Nxe4 Bf5 5. Ng3 Bg6 6. Nf3 Nd7 7. Nh4 Ngf6 8.
Nxg6 hxg6 9. Bc4 e6 10. Bb3 Bd6 11. Qf3 Qc7 12. Bd2 O-O-O 13. O-O-O Rh4 14. Ne2
Rhh8 15. h3 Rde8 16. Ng3 Kb8 17. Rhe1 Ka8 18. Kb1 Rc8 19. Bg5 Rhd8 20. Ne4 Be7
21. Bf4 Qa5 22. Nd6 Bxd6 23. Bxd6 Qf5 24. Qe3 Nd5 25. Qg3 Rh8 26. Rd3 N5f6 27.
Bb4 Rhe8 28. Rde3 Qb5 29. Bd2 Nb6 30. Rf3 c5 31. dxc5 Rxc5 32. Bc3 Nbd7 33. Rd1
Ne4 34. Qh4 Nxc3+ 35. bxc3 Nf6 36. Ka1 Qa5 37. Qb4 Qc7 38. Rfd3 a6 39. Rd8+
Rxd8 40. Rxd8+ Ka7 41. Rf8 Nd5 42. Qd4 f6 43. Rf7 Qxf7 44. Qxc5+ b6 45. Qc6 Qc7
46. Bxd5 Qb8 47. Qd7+ 1-0

[Event "España ch Sub-16 2008"]
[Site "Padron ESP"]
[Date "2008.07.23"]
[Round "6.57"]
[White "Arce Calva, Elvira"]
[Black "Garcia Gutierrez, Isabel"]
[Result "1-0"]
[WhiteElo "1876"]
[BlackElo "1634"]
[PlyCount "35"]
[EventDate "2008.07.20"]
[EventType "swiss"]
[EventRounds "9"]
[EventCountry "ESP"]
[Source "lmi"]
[SourceDate "2008.07.20"]

1. e4 c5 2. Nc3 d6 3. g3 g6 4. Bg2 Bg7 5. d3 e6 6. f4 Ne7 7. Nf3 Nbc6 8. O-O
O-O 9. Be3 Nd4 10. e5 dxe5 11. fxe5 Nec6 12. Ne4 b6 13. Nf6+ Bxf6 14. exf6 Nf5
15. Bd2 Bb7 16. g4 Nfd4 17. Ng5 Qc7 18. Qe1 1-0

[Event "España ch Sub-16 2008"]
[Site "Padron ESP"]
[Date "2008.07.23"]
[Round "6.58"]
[White "Sacristan Latorre, Alberto"]
[Black "Gonzalez Carro, Victor"]
[Result "1/2-1/2"]
[WhiteElo "1870"]
[BlackElo "1656"]
[PlyCount "107"]
[EventDate "2008.07.20"]
[EventType "swiss"]
[EventRounds "9"]
[EventCountry "ESP"]
[Source "lmi"]
[SourceDate "2008.07.20"]

1. e4 c5 2. Nf3 Nc6 3. d4 cxd4 4. Nxd4 Nf6 5. Nc3 e5 6. Ndb5 d6 7. Bg5 a6 8.
Na3 b5 9. Bxf6 gxf6 10. Nd5 Bg7 11. Bd3 Be6 12. c4 b4 13. Nc2 Rb8 14. Nce3 O-O
15. O-O Nd4 16. Qh5 Bd7 17. f4 Bc6 18. Ng4 Bxd5 19. exd5 f5 20. fxe5 dxe5 21.
Bxf5 Nxf5 22. Rxf5 Qb6+ 23. Kh1 f6 24. Nh6+ Kh8 25. b3 Qd4 26. Raf1 a5 27. R5f3
Rb7 28. Nf5 Qd2 29. Rh3 h6 30. Nxh6 Bxh6 31. Qxh6+ Qxh6 32. Rxh6+ Kg7 33. Rh3
a4 34. c5 axb3 35. axb3 Rb5 36. Rc1 Rc8 37. g4 Rcxc5 38. Rxc5 Rxc5 39. Rd3 Rc3
40. Rd1 Kf7 41. d6 Ke8 42. Kg2 Kd7 43. h4 Rxb3 44. h5 Rc3 45. Rb1 Rc4 46. Kg3
Kxd6 47. h6 Ke6 48. h7 Rc8 49. Rxb4 Kf7 50. g5 fxg5 51. Kg4 Kg6 52. Rb6+ Kxh7
53. Kxg5 Re8 54. Rb3 1/2-1/2

[Event "España ch Sub-16 2008"]
[Site "Padron ESP"]
[Date "2008.07.23"]
[Round "6.59"]
[White "Portela Gonzalez, Adrian"]
[Black "Alsina Lopez, Adolfo"]
[Result "0-1"]
[WhiteElo "1858"]
[BlackElo "1599"]
[PlyCount "132"]
[EventDate "2008.07.20"]
[EventType "swiss"]
[EventRounds "9"]
[EventCountry "ESP"]
[Source "lmi"]
[SourceDate "2008.07.20"]

1. e4 e6 2. d4 d5 3. Nc3 Bb4 4. e5 c5 5. a3 Bxc3+ 6. bxc3 Nc6 7. Qg4 g6 8. h4
h5 9. Qd1 Nge7 10. Nf3 Qb6 11. a4 cxd4 12. cxd4 Nf5 13. c3 Bd7 14. Bg5 Rc8 15.
Be2 Qc7 16. Bd2 a6 17. Rh3 Nce7 18. Qb3 Bc6 19. Bd3 Kd7 20. Ng5 Rhf8 21. f4 Rb8
22. Nh7 Rh8 23. Nf6+ Kd8 24. Kf2 Ng8 25. Nxg8 Rxg8 26. a5 Nh6 27. g3 Rc8 28.
Rhh1 Kd7 29. Rhb1 Rgf8 30. Qc2 Nf5 31. Rg1 Rh8 32. Qd1 Nh6 33. Be2 Qd8 34. Rh1
Nf5 35. Qc1 Nh6 36. Kg2 f6 37. exf6 Qxf6 38. Bd3 Rhf8 39. Re1 Rce8 40. Rb1 Nf5
41. Re5 Nd6 42. Rg5 Rg8 43. Qb2 Nf7 44. Kg1 Nxg5 45. fxg5 Qf3 46. Bf1 Qxg3+ 47.
Bg2 Rgf8 48. Be1 Qd3 49. Kh2 Rf4 50. Rc1 Ref8 51. Rc2 Bb5 52. c4 dxc4 53. Rc3
Qxd4 54. Bg3 Rxh4+ 55. Bxh4 Qxh4+ 56. Rh3 Qf4+ 57. Kh1 Rf7 58. Qc2 Qxg5 59.
Qd1+ Ke7 60. Qe1 Bc6 61. Bxc6 bxc6 62. Qb4+ Ke8 63. Qb8+ Qd8 64. Qb1 Qxa5 65.
Re3 Qd5+ 66. Re4 Rf1+ 0-1

[Event "España ch Sub-16 2008"]
[Site "Padron ESP"]
[Date "2008.07.23"]
[Round "6.66"]
[White "Crespo Ramos, Maria"]
[Black "Molinero Gomez, Sandra"]
[Result "0-1"]
[WhiteElo "1560"]
[BlackElo "1849"]
[PlyCount "74"]
[EventDate "2008.07.20"]
[EventType "swiss"]
[EventRounds "9"]
[EventCountry "ESP"]
[Source "lmi"]
[SourceDate "2008.07.20"]

1. e4 e5 2. Nf3 Nc6 3. d4 exd4 4. Bc4 Nf6 5. e5 Ng4 6. Qe2 Qe7 7. O-O Ngxe5 8.
Nxe5 Nxe5 9. Re1 Nxc4 10. Qf1 Ne5 11. f4 d6 12. fxe5 dxe5 13. Bf4 f6 14. Nd2
Bd7 15. a4 O-O-O 16. Bg3 h5 17. Nf3 Qc5 18. Kh1 Be6 19. Qd3 Qc4 20. Qe4 d3 21.
Qxc4 Bxc4 22. cxd3 Rxd3 23. Rac1 Bd5 24. Re2 Bxf3 25. gxf3 Rxf3 26. Rec2 Bd6
27. Kg2 Rd3 28. Bf2 b6 29. a5 Kb7 30. axb6 axb6 31. Rc3 Rd2 32. R1c2 Rxc2 33.
Rxc2 Rh6 34. Rc3 Rg6+ 35. Kh3 f5 36. Rd3 Kc6 37. Bg3 Rg4 0-1

[Event "España ch Sub-16 2008"]
[Site "Padron ESP"]
[Date "2008.07.23"]
[Round "6.68"]
[White "Garcia Iglesias, Jose Carlos"]
[Black "Carballo Noya, Miguel"]
[Result "0-1"]
[WhiteElo "1414"]
[BlackElo "1726"]
[PlyCount "46"]
[EventDate "2008.07.20"]
[EventType "swiss"]
[EventRounds "9"]
[EventCountry "ESP"]
[Source "lmi"]
[SourceDate "2008.07.20"]

1. e4 e6 2. d4 d5 3. e5 c5 4. c3 Nc6 5. Nf3 Qb6 6. a3 Bd7 7. Be2 Rc8 8. O-O Nh6
9. dxc5 Bxc5 10. h3 Nf5 11. b4 Be7 12. Bb2 h5 13. Nbd2 g5 14. c4 g4 15. c5 Bxc5
16. bxc5 Qxb2 17. hxg4 hxg4 18. Nh2 Nxe5 19. Bxg4 Nxg4 20. Nxg4 Qd4 21. Nb3 Ng3
22. Nh2 Rxh2 23. Qxd4 Rh1# 0-1

[Event "España ch Sub-16 2008"]
[Site "Padron ESP"]
[Date "2008.07.23"]
[Round "6.75"]
[White "Montans Lopez, Adrian"]
[Black "Ausin Neira, David"]
[Result "1-0"]
[BlackElo "1519"]
[PlyCount "47"]
[EventDate "2008.07.20"]
[EventType "swiss"]
[EventRounds "9"]
[EventCountry "ESP"]
[Source "lmi"]
[SourceDate "2008.07.20"]
[WhiteElo "1357"]

1. d4 d5 2. c4 c6 3. Nc3 e6 4. Nf3 Nf6 5. Bg5 dxc4 6. e3 b5 7. a4 Bb4 8. Ne5 h6
9. Bf4 Nd5 10. Qc2 Nxf4 11. exf4 Qxd4 12. g3 O-O 13. axb5 cxb5 14. Bg2 g5 15.
Rd1 Qc5 16. Bxa8 Bxc3+ 17. Qxc3 b4 18. Qxc4 Qxc4 19. Nxc4 gxf4 20. gxf4 Kh7 21.
Rg1 Nd7 22. Be4+ Kh8 23. Rd3 Nc5 24. Rh3 1-0

[Event "España ch Sub-16 2008"]
[Site "Padron ESP"]
[Date "2008.07.24"]
[Round "7.1"]
[White "Alonso Rosell, Alvar"]
[Black "Fernandez Garcia, Jose Miguel"]
[Result "1-0"]
[PlyCount "97"]
[EventDate "2008.07.20"]
[EventType "swiss"]
[EventRounds "9"]
[EventCountry "ESP"]
[Source "lmi"]
[SourceDate "2008.07.20"]
[WhiteElo "2393"]
[BlackElo "2135"]

1. d4 Nf6 2. c4 e6 3. Nc3 Bb4 4. Qc2 O-O 5. a3 Bxc3+ 6. Qxc3 b6 7. Bg5 Bb7 8.
e3 d6 9. Ne2 Nbd7 10. Qd3 Re8 11. Nc3 Qe7 12. Be2 h6 13. Bh4 e5 14. O-O Nf8 15.
b4 Ng6 16. Bg3 Rad8 17. Rae1 e4 18. Qd2 c5 19. bxc5 bxc5 20. d5 h5 21. h3 h4
22. Bh2 Nd7 23. Rb1 Bc8 24. Kh1 f5 25. Qc2 Nde5 26. Qa4 Rf8 27. Qc2 Qg5 28. Qd2
Rf7 29. Rg1 Ba6 30. Nb5 Bc8 31. f4 exf3 32. gxf3 Qf6 33. f4 Nd7 34. Nxa7 Qe7
35. Rg2 Nb8 36. Nxc8 Rxc8 37. Bh5 Rf6 38. Rbg1 Qe4 39. Qe2 Rc7 40. Bf3 Qe8 41.
Rb1 Nf8 42. Qb2 Nbd7 43. Bg1 Ra7 44. Bf2 Ng6 45. Rbg1 Ndf8 46. Bh5 Qe4 47. Kh2
Kh7 48. Qe2 Rxa3 49. Bxg6+ 1-0